000 00519cam5a220018100 4500
001 tmp16037651
003 UPRA
005 20190815094404.0
008 951128s1991 sa eng u
035 _a(Sirsi) r75474
035 _a(UPRA)tmp16037651
040 _cUPRA
100 1 _aDorrington, R. E.
_6A35879.1
245 1 0 _aWhat are actuaries and who needs them anyway /
_cR.E. Dorrington.
260 _aCapetown :
_bThe University,
_c1991.
949 _a(O8)U.C.N.SER/163
_wlcc
_mMAIN
_tBOOK
_lON-SHELF
004 75474
999 _c59540
_d59540